000 01685cam a2200517 4500
003 PE-LiUPU
005 20250731180154.0
020 _a8429118713
035 _a(Sirsi) i9788429118711
035 _a(Sirsi) 51893
035 _a(Sirsi) 51893
041 _aes
044 _aes
082 0 4 _a576
_bI53 2
100 1 _aIngraham, John L.
245 _aIntroducción a la microbiología.
_nVolumen 2 /
_cJohn L. Ingraham y Catherine A. Ingraham.
264 1 _aBarcelona :
_bReverté,
_c1998
300 _a751 páginas :
_bilustraciones ;
_c28 cm.
505 0 _aPrincipios de la interacción ser humano-microorganismo -- Enfermedades causadas por los microorganismos -- Beneficios y usos de los microorganismos.
526 _aSEG44
526 _aSEG26
526 _aP159
526 _aP155
526 _aP154
526 _aP153
526 _aP150
526 _aP100
526 _aP31
526 _aP30
526 _aP26
526 _aP25
526 _aP24
526 _aP22
526 _aP15
526 _aP10
650 1 4 _aMicrobiología
700 1 _aIngraham, Catherine A.
_ecoaut.
700 1 _aPrentiss, Harriett
_eed.
859 _q69195
_h576
_iI53 2
910 _agl
_b
_clch20140204
942 _2ddc
_cBOOK
949 _a576 I53 2
_i69195
_lCCODEBUL1
_mBUL
_tLIBRO
_o.STAFF. Colección General
596 _a1
999 _a576 I53 2
_wDEWEY
_c56217
_i69195
_d56217
_e2019-3-31
_f2021-11-9
_g7
_lCCODEBUL1
_mBUL
_n12
_p112.00
_q4
_r0
_sY
_tBOOK
_u2015-7-6
_xINGENIERIA
_PP24
_0COMPRA
_o.STAFF. Colección Ingenieria y Arquitectura
980 _81
_gALBERTO SANCHEZ Responsable de Automatización